Oxford English for electronics / Eric H. Glendinning, John McEwan.

Đã lưu trong:
Bibliografiske detaljer
Format: Bog
Udgivet: Oxford University Press 1993
Tags: Tilføj Tag
Ingen Tags, Vær først til at tagge denne postø!
Thư viện lưu trữ: Mạng thư viện Đại học Đà Nẵng
LEADER 00505nam a22001811a 4500
001 000035691
003 11979
005 20160318111214.0
008 160318s1993 000
082 |a 428  |b GL-E 
245 |a Oxford English for electronics / Eric H. Glendinning, John McEwan.  |c Glendinning, Eric H 
260 |a Oxford University Press  |c 1993 
OWN |a LNN 
999 |a From the UDN01 
TYP |a Monograph 
980 |a Mạng thư viện Đại học Đà Nẵng